| 000 | 01112pam a2200277 a 4500 | ||
|---|---|---|---|
| 001 | 3451001 | ||
| 005 | 20230320100824.0 | ||
| 008 | 920918s1993 caua b 001 0 eng | ||
| 010 | _a 92033766 | ||
| 020 | _a0126468907 (acidfree paper) | ||
| 040 |
_aDLC _cDLC _dDLC |
||
| 050 | 0 | 0 |
_aTL588.5 _b.S56 1993 |
| 082 | 0 | 0 |
_a625.1351 _220 _bSIO |
| 100 | 1 |
_aSiouris, George M. _9110556 |
|
| 245 | 1 | 0 |
_aAerospace avionics systems : _ba modern synthesis / _cGeorge M. Siouris. |
| 260 |
_aSan Diego : _bAcademic Press, _cc1993. |
||
| 300 |
_axiii, 466 p. : _bill. ; _c24 cm. |
||
| 504 | _aIncludes bibliographical references and index. | ||
| 650 | 0 |
_aInertial navigation (Aeronautics) _9110557 |
|
| 650 | 0 |
_aNavigation (Aeronautics) _91421 |
|
| 856 | 4 | 2 |
_3Publisher description _uhttp://www.loc.gov/catdir/description/els032/92033766.html |
| 856 | 4 | 1 |
_3Table of contents _uhttp://www.loc.gov/catdir/toc/els032/92033766.html |
| 906 |
_a7 _bcbc _corignew _d1 _eocip _f19 _gy-gencatlg |
||
| 942 |
_2ddc _cBK |
||
| 999 |
_c593820 _d593820 |
||